000 00507nam a2200181 a 4500
005 20140310183529.0
008 110819s19uu xx 00 eng d
020 _a9781426018589
050 _aHM 1126
_b.K51 2009
100 _aKindler, Herb
245 _aConflict management :
_bResolve diagreement at work /
_cHerb Kindler.
260 _aUSA :
_bAxzo Press,
_c2009.
300 _a70 p. :
_bill. ;
_c28 cm.
521 _aBSBA
650 _aConflict management
942 _cBK
_2lcc
_kFOR
999 _c24586
_d24586